000 00485nam a2200193Ia 4500
005 20250923145738.0
008 008 250917s9999 xx 000 0 eng d
037 _aTextual
040 _aDSWL
_beng
_cDSWL
041 _aeng
_2eng
084 _qDSWL
245 0 _aChipko message
_cby Chipko Information Centre
260 _aIndia
_bChipko Information Centre
_c1984
300 _a37p.
365 _aINR
_b3.00
925 _g3.00
942 _cTEXL
999 _c1455129
_d1455129